000 00618nam a2200229Ia 4500
003 OSt
005 20220928102621.0
006 a|||||r|||| 00| 0
007 ta
008 220927b |||||||| |||| 00| 0 eng d
024 _a59181
037 _cTextual
040 _aSDCL
_cSDCL
_beng
041 _2eng
_aeng
082 _aT0aY, P2
100 _aMishre Bhasker
_9399366
245 0 _aShikshak aur samajh
_b Pracheenkal se aavarcheen tak
260 _aDelhi
_bNaag Publishers
_c2002
300 _a16p+279p
_ccm.
942 _hT0aY, P2
_cTEXL
_2CC
999 _c715223
_d715223